| 000 | 00616nam a2200217 a 4500 | ||
|---|---|---|---|
| 001 | 8194 | ||
| 003 | CO-ViMGA | ||
| 008 | 141112s2004 ck r 000 u spa d | ||
| 020 | _a9589232159 | ||
| 040 |
_aCO-ViMGA _bspa _cCO-ViMGA |
||
| 082 | 0 | 4 | _a986.10631 P21c |
| 100 | 1 |
_aPearce, Jenny _97972 |
|
| 245 | 1 | 0 |
_aColombia dentro del Laberinto / _cPearce Jenny |
| 260 |
_aBogotá, _cAltamir, _c1992 |
||
| 300 | _a283 p. | ||
| 590 | _aForma de adquisición : donacion - - Proveedor : Luis Ángel Arango | ||
| 650 | 1 | 4 | _acolombia - historia |
| 650 | 1 | 4 |
_agobierno _97973 |
| 650 | 1 | 4 |
_aPolítica _9201 |
| 942 |
_2ddc _cBK |
||
| 999 |
_c20006 _d20006 |
||